| Tag |
First Indicator |
Second Indicator |
Subfields |
| LEADER |
00000cas a2200000 a 4500 |
| 001 |
in00000051091 |
| 005 |
20151007080154.0 |
| 008 |
741007c19479999ilumr1p 0uuua0eng d |
| 010 |
|
|
|a 54015388
|
| 022 |
0 |
|
|a 0003-021X
|
| 030 |
|
|
|a JAOCA7
|
| 035 |
|
|
|a (OCoLC)01033870
|
| 035 |
|
|
|9 AAF4358AM
|
| 040 |
|
|
|a NLM
|c NLM
|d NSD
|d IUL
|d COO
|d m.c.
|d NSD
|d MUL
|d TXA
|d UtOrBLW
|
| 042 |
|
|
|a nsdp
|
| 049 |
|
|
|a TXAE
|
| 060 |
|
0 |
|a W1 JO909V
|
| 090 |
|
|
|a TP1
|b .A644
|
| 210 |
1 |
|
|a J. Am. Oil Chem. Soc.
|
| 222 |
|
0 |
|a Journal of the American Oil Chemists' Society
|
| 245 |
0 |
0 |
|a Journal of the American Oil Chemists' Society.
|
| 246 |
1 |
0 |
|a JAOCS
|
| 264 |
|
1 |
|a Champaign, IL :
|b American Oil Chemists' Society,
|c 1947-
|
| 300 |
|
|
|a volumes :
|b illustrations ;
|c 29 cm.
|
| 336 |
|
|
|a text
|b txt
|2 rdacontent
|
| 337 |
|
|
|a unmediated
|b n
|2 rdamedia
|
| 338 |
|
|
|a volume
|b nc
|2 rdacarrier
|
| 362 |
0 |
|
|a Vol. 24 (1947)-
|
| 650 |
|
0 |
|a Oils and fats
|v Periodicals.
|
| 650 |
|
0 |
|a Soap
|x Periodicals.
|
| 650 |
|
0 |
|a Lipids
|x Periodicals.
|
| 710 |
2 |
|
|a American Oil Chemists' Society.
|
| 780 |
0 |
0 |
|t Oil & soap
|x 0095-9510 (OCoLC)1643382
|
| 999 |
|
|
|a MARS
|
| 999 |
f |
f |
|s 0e888590-559e-3c22-b02a-39f433712bcb
|i 82121273-c161-36ff-ad10-5e018da90d4b
|t 0
|
| 952 |
f |
f |
|p ric
|a Texas A&M University
|b Rellis Campus
|c Joint Library Facility
|d Remote Storage
|t 0
|e TP1 .A644
|h Library of Congress classification
|i unmediated -- volume
|k v.56:no.4-6
|l 1979:Apr.-June
|m A14819847068
|
| 952 |
f |
f |
|p ric
|a Texas A&M University
|b Rellis Campus
|c Joint Library Facility
|d Remote Storage
|t 0
|e TP1 .A644
|h Library of Congress classification
|i unmediated -- volume
|k v.70:no.1-4
|l 1993:Jan.-Apr.
|m A14817150075
|
| 952 |
f |
f |
|p ric
|a Texas A&M University
|b Rellis Campus
|c Joint Library Facility
|d Remote Storage
|t 0
|e TP1 .A644
|h Library of Congress classification
|i unmediated -- volume
|k v.68:no.5-8
|l 1991:May-Aug.
|m A14815307472
|
| 952 |
f |
f |
|p ric
|a Texas A&M University
|b Rellis Campus
|c Joint Library Facility
|d Remote Storage
|t 0
|e TP1 .A644
|h Library of Congress classification
|i unmediated -- volume
|k v.64:no.9-12
|l 1987:Sept.-Dec.
|m A14811397132
|
| 952 |
f |
f |
|p ric
|a Texas A&M University
|b Rellis Campus
|c Joint Library Facility
|d Remote Storage
|t 0
|e TP1 .A644
|h Library of Congress classification
|i unmediated -- volume
|k v.44:no.7-12
|l 1967:July-Dec.
|m A14831111043
|
| 952 |
f |
f |
|p ric
|a Texas A&M University
|b Rellis Campus
|c Joint Library Facility
|d Remote Storage
|t 0
|e TP1 .A644
|h Library of Congress classification
|i unmediated -- volume
|k v.33
|l 1956
|m A14831112510
|
| 952 |
f |
f |
|p ric
|a Texas A&M University
|b Rellis Campus
|c Joint Library Facility
|d Remote Storage
|t 0
|e TP1 .A644
|h Library of Congress classification
|i unmediated -- volume
|k v.68:no.9-12
|l 1991:Sept.-Dec.
|m A14815534710
|
| 952 |
f |
f |
|p ric
|a Texas A&M University
|b Rellis Campus
|c Joint Library Facility
|d Remote Storage
|t 0
|e TP1 .A644
|h Library of Congress classification
|i unmediated -- volume
|k v.56:no.10-12
|l 1979:Oct.-Dec.
|m A14838526346
|
| 952 |
f |
f |
|p ric
|a Texas A&M University
|b Rellis Campus
|c Joint Library Facility
|d Remote Storage
|t 0
|e TP1 .A644
|h Library of Congress classification
|i unmediated -- volume
|k v.31
|l 1954
|m A14831112316
|
| 952 |
f |
f |
|p ric
|a Texas A&M University
|b Rellis Campus
|c Joint Library Facility
|d Remote Storage
|t 0
|e TP1 .A644
|h Library of Congress classification
|i unmediated -- volume
|k v.82:no.5-8
|l 2005:May-Aug.
|m A14832892977
|
| 952 |
f |
f |
|p ric
|a Texas A&M University
|b Rellis Campus
|c Joint Library Facility
|d Remote Storage
|t 0
|e TP1 .A644
|h Library of Congress classification
|i unmediated -- volume
|k v.75:no.1-4
|l 1998:Jan.-Apr.
|m A14823634671
|
| 952 |
f |
f |
|p ric
|a Texas A&M University
|b Rellis Campus
|c Joint Library Facility
|d Remote Storage
|t 0
|e TP1 .A644
|h Library of Congress classification
|i unmediated -- volume
|k v.71:no.1-4
|l 1994:Jan.-Apr.
|m A14818802374
|
| 952 |
f |
f |
|p ric
|a Texas A&M University
|b Rellis Campus
|c Joint Library Facility
|d Remote Storage
|t 0
|e TP1 .A644
|h Library of Congress classification
|i unmediated -- volume
|k v.79:no.5-8
|l 2002:May-Aug.
|m A14829650976
|
| 952 |
f |
f |
|p ric
|a Texas A&M University
|b Rellis Campus
|c Joint Library Facility
|d Remote Storage
|t 0
|e TP1 .A644
|h Library of Congress classification
|i unmediated -- volume
|k v.38
|l 1961
|m A14831112675
|
| 952 |
f |
f |
|p ric
|a Texas A&M University
|b Rellis Campus
|c Joint Library Facility
|d Remote Storage
|t 0
|e TP1 .A644
|h Library of Congress classification
|i unmediated -- volume
|k v.70:no.9-12
|l 1993:Sept.-Dec.
|m A14817909424
|
| 952 |
f |
f |
|p ric
|a Texas A&M University
|b Rellis Campus
|c Joint Library Facility
|d Remote Storage
|t 0
|e TP1 .A644
|h Library of Congress classification
|i unmediated -- volume
|k v.69:no.9-12
|l 1992:Sept.-Dec.
|m A14817193984
|
| 952 |
f |
f |
|p ric
|a Texas A&M University
|b Rellis Campus
|c Joint Library Facility
|d Remote Storage
|t 0
|e TP1 .A644
|h Library of Congress classification
|i unmediated -- volume
|k v.73:no.5-8
|l 1996:May-Aug.
|m A14820453644
|
| 952 |
f |
f |
|p ric
|a Texas A&M University
|b Rellis Campus
|c Joint Library Facility
|d Remote Storage
|t 0
|e TP1 .A644
|h Library of Congress classification
|i unmediated -- volume
|k v.72:no.11-12
|l 1995:Nov.-Dec.
|m A14819383420
|
| 952 |
f |
f |
|p ric
|a Texas A&M University
|b Rellis Campus
|c Joint Library Facility
|d Remote Storage
|t 0
|e TP1 .A644
|h Library of Congress classification
|i unmediated -- volume
|k v.65:no.1-3
|l 1988:Jan.-Mar.
|m A14811807412
|
| 952 |
f |
f |
|p ric
|a Texas A&M University
|b Rellis Campus
|c Joint Library Facility
|d Remote Storage
|t 0
|e TP1 .A644
|h Library of Congress classification
|i unmediated -- volume
|k v.37
|l 1960
|m A14831112714
|
| 952 |
f |
f |
|p ric
|a Texas A&M University
|b Rellis Campus
|c Joint Library Facility
|d Remote Storage
|t 0
|e TP1 .A644
|h Library of Congress classification
|i unmediated -- volume
|k v.66:no.10-12
|l 1989:Oct.-Dec.
|m A14812065885
|
| 952 |
f |
f |
|p ric
|a Texas A&M University
|b Rellis Campus
|c Joint Library Facility
|d Remote Storage
|t 0
|e TP1 .A644
|h Library of Congress classification
|i unmediated -- volume
|k v.78:no.5-8
|l 2001:May-Aug.
|m A14828572468
|
| 952 |
f |
f |
|p ric
|a Texas A&M University
|b Rellis Campus
|c Joint Library Facility
|d Remote Storage
|t 0
|e TP1 .A644
|h Library of Congress classification
|i unmediated -- volume
|k v.84:no.9-12
|l 2007:Sept.-Dec.
|m A14836423136
|
| 952 |
f |
f |
|p ric
|a Texas A&M University
|b Rellis Campus
|c Joint Library Facility
|d Remote Storage
|t 0
|e TP1 .A644
|h Library of Congress classification
|i unmediated -- volume
|k v.76:no.9-12
|l 1999:Sept.-Dec.
|m A14826005994
|
| 952 |
f |
f |
|p ric
|a Texas A&M University
|b Rellis Campus
|c Joint Library Facility
|d Remote Storage
|t 0
|e TP1 .A644
|h Library of Congress classification
|i unmediated -- volume
|k v.55:no.10-12
|l 1978:Oct.-Dec.
|m A14838526320
|
| 952 |
f |
f |
|p ric
|a Texas A&M University
|b Rellis Campus
|c Joint Library Facility
|d Remote Storage
|t 0
|e TP1 .A644
|h Library of Congress classification
|i unmediated -- volume
|k v.63:no.1-6
|l 1986:Jan.-June
|m A14813862727
|
| 952 |
f |
f |
|p ric
|a Texas A&M University
|b Rellis Campus
|c Joint Library Facility
|d Remote Storage
|t 0
|e TP1 .A644
|h Library of Congress classification
|i unmediated -- volume
|k v.43:no.7-12
|l 1966:July-Dec.
|m A14831112277
|
| 952 |
f |
f |
|p ric
|a Texas A&M University
|b Rellis Campus
|c Joint Library Facility
|d Remote Storage
|t 0
|e TP1 .A644
|h Library of Congress classification
|i unmediated -- volume
|k v.48:no.10-12
|l 1971:Oct.-Dec.
|m A14838526273
|
| 952 |
f |
f |
|p ric
|a Texas A&M University
|b Rellis Campus
|c Joint Library Facility
|d Remote Storage
|t 0
|e TP1 .A644
|h Library of Congress classification
|i unmediated -- volume
|k v.79:no.9-12
|l 2002:Sept.-Dec.
|m A14830926047
|
| 952 |
f |
f |
|p ric
|a Texas A&M University
|b Rellis Campus
|c Joint Library Facility
|d Remote Storage
|t 0
|e TP1 .A644
|h Library of Congress classification
|i unmediated -- volume
|k v.48:no.1-6
|l 1971:Jan.-June
|m A14822383170
|
| 952 |
f |
f |
|p ric
|a Texas A&M University
|b Rellis Campus
|c Joint Library Facility
|d Remote Storage
|t 0
|e TP1 .A644
|h Library of Congress classification
|i unmediated -- volume
|k v.42:no.1-6
|l 1965:Jan.-June
|m A14831111124
|
| 952 |
f |
f |
|p ric
|a Texas A&M University
|b Rellis Campus
|c Joint Library Facility
|d Remote Storage
|t 0
|e TP1 .A644
|h Library of Congress classification
|i unmediated -- volume
|k v.77:no.1-4
|l 2000:Jan-Apr.
|m A14827253281
|
| 952 |
f |
f |
|p ric
|a Texas A&M University
|b Rellis Campus
|c Joint Library Facility
|d Remote Storage
|t 0
|e TP1 .A644
|h Library of Congress classification
|i unmediated -- volume
|k v.72:no.1-4
|l 1995:Jan.-Apr.
|m A14819075158
|
| 952 |
f |
f |
|p ric
|a Texas A&M University
|b Rellis Campus
|c Joint Library Facility
|d Remote Storage
|t 0
|e TP1 .A644
|h Library of Congress classification
|i unmediated -- volume
|k v.72:no.5-8
|l 1995:May-Aug.
|m A14819501874
|
| 952 |
f |
f |
|p ric
|a Texas A&M University
|b Rellis Campus
|c Joint Library Facility
|d Remote Storage
|t 0
|e TP1 .A644
|h Library of Congress classification
|i unmediated -- volume
|k v.75:no.11-12
|l 1998:Nov.-Dec.
|m A14824946584
|
| 952 |
f |
f |
|p ric
|a Texas A&M University
|b Rellis Campus
|c Joint Library Facility
|d Remote Storage
|t 0
|e TP1 .A644
|h Library of Congress classification
|i unmediated -- volume
|k v.76:no.1-4
|l 1999:Jan.-Apr.
|m A14824941885
|
| 952 |
f |
f |
|p ric
|a Texas A&M University
|b Rellis Campus
|c Joint Library Facility
|d Remote Storage
|t 0
|e TP1 .A644
|h Library of Congress classification
|i unmediated -- volume
|k v.70:no.5-8
|l 1993:May-Aug.
|m A14817236279
|
| 952 |
f |
f |
|p ric
|a Texas A&M University
|b Rellis Campus
|c Joint Library Facility
|d Remote Storage
|t 0
|e TP1 .A644
|h Library of Congress classification
|i unmediated -- volume
|k v.84:no.5-8
|l 2007:May-Aug.
|m A14836440390
|
| 952 |
f |
f |
|p ric
|a Texas A&M University
|b Rellis Campus
|c Joint Library Facility
|d Remote Storage
|t 0
|e TP1 .A644
|h Library of Congress classification
|i unmediated -- volume
|k v.73:no.1-4
|l 1996:Jan.-Apr.
|m A14820114224
|
| 952 |
f |
f |
|p ric
|a Texas A&M University
|b Rellis Campus
|c Joint Library Facility
|d Remote Storage
|t 0
|e TP1 .A644
|h Library of Congress classification
|i unmediated -- volume
|k v.53:no.1-6
|l 1976:Jan.-June
|m A14818726803
|
| 952 |
f |
f |
|p ric
|a Texas A&M University
|b Rellis Campus
|c Joint Library Facility
|d Remote Storage
|t 0
|e TP1 .A644
|h Library of Congress classification
|i unmediated -- volume
|k v.75:no.5-8
|l 1998:May-Aug.
|m A14823884894
|
| 952 |
f |
f |
|p ric
|a Texas A&M University
|b Rellis Campus
|c Joint Library Facility
|d Remote Storage
|t 0
|e TP1 .A644
|h Library of Congress classification
|i unmediated -- volume
|k v.73:no.11-12
|l 1996:Nov.-Dec.
|m A14821428676
|
| 952 |
f |
f |
|p ric
|a Texas A&M University
|b Rellis Campus
|c Joint Library Facility
|d Remote Storage
|t 0
|e TP1 .A644
|h Library of Congress classification
|i unmediated -- volume
|k v.26
|l 1949
|m A14831202438
|
| 952 |
f |
f |
|p ric
|a Texas A&M University
|b Rellis Campus
|c Joint Library Facility
|d Remote Storage
|t 0
|e TP1 .A644
|h Library of Congress classification
|i unmediated -- volume
|k v.66:no.4-6
|l 1989:Apr.-June
|m A14812065788
|
| 952 |
f |
f |
|p ric
|a Texas A&M University
|b Rellis Campus
|c Joint Library Facility
|d Remote Storage
|t 0
|e TP1 .A644
|h Library of Congress classification
|i unmediated -- volume
|k v.52:no.7-12
|l 1975:July-Dec.
|m A14837338300
|
| 952 |
f |
f |
|p ric
|a Texas A&M University
|b Rellis Campus
|c Joint Library Facility
|d Remote Storage
|t 0
|e TP1 .A644
|h Library of Congress classification
|i unmediated -- volume
|k v.74:no.5-8
|l 1997:May-Aug.
|m A14823635059
|
| 952 |
f |
f |
|p ric
|a Texas A&M University
|b Rellis Campus
|c Joint Library Facility
|d Remote Storage
|t 0
|e TP1 .A644
|h Library of Congress classification
|i unmediated -- volume
|k v.60:no.9-12
|l 1983:Sept.-Dec.
|m A14818549560
|
| 952 |
f |
f |
|p ric
|a Texas A&M University
|b Rellis Campus
|c Joint Library Facility
|d Remote Storage
|t 0
|e TP1 .A644
|h Library of Congress classification
|i unmediated -- volume
|k v.49:no.1-6
|l 1972:Jan.-Apr.
|m A14831112756
|
| 952 |
f |
f |
|p ric
|a Texas A&M University
|b Rellis Campus
|c Joint Library Facility
|d Remote Storage
|t 0
|e TP1 .A644
|h Library of Congress classification
|i unmediated -- volume
|k v.55:no.4-6
|l 1978:Apr.-June
|m A14830814193
|
| 952 |
f |
f |
|p ric
|a Texas A&M University
|b Rellis Campus
|c Joint Library Facility
|d Remote Storage
|t 0
|e TP1 .A644
|h Library of Congress classification
|i unmediated -- volume
|k v.73:no.9-10
|l 1996:Sept.-Oct.
|m A14821428626
|
| 952 |
f |
f |
|p ric
|a Texas A&M University
|b Rellis Campus
|c Joint Library Facility
|d Remote Storage
|t 0
|e TP1 .A644
|h Library of Congress classification
|i unmediated -- volume
|k v.44:no.1-6
|l 1967:Jan.-June
|m A14831111001
|
| 952 |
f |
f |
|p ric
|a Texas A&M University
|b Rellis Campus
|c Joint Library Facility
|d Remote Storage
|t 0
|e TP1 .A644
|h Library of Congress classification
|i unmediated -- volume
|k v.77:no.5-8
|l 2000:May-Aug.
|m A14827253362
|
| 952 |
f |
f |
|p ric
|a Texas A&M University
|b Rellis Campus
|c Joint Library Facility
|d Remote Storage
|t 0
|e TP1 .A644
|h Library of Congress classification
|i unmediated -- volume
|k v.58:no.4-6
|l 1981:Apr.-June
|m A14831111360
|
| 952 |
f |
f |
|p ric
|a Texas A&M University
|b Rellis Campus
|c Joint Library Facility
|d Remote Storage
|t 0
|e TP1 .A644
|h Library of Congress classification
|i unmediated -- volume
|k v.48:no.7-8
|l 1971:July-Aug.
|m A14812930462
|
| 952 |
f |
f |
|p ric
|a Texas A&M University
|b Rellis Campus
|c Joint Library Facility
|d Remote Storage
|t 0
|e TP1 .A644
|h Library of Congress classification
|i unmediated -- volume
|k v.36
|l 1959
|m A14831112594
|
| 952 |
f |
f |
|p ric
|a Texas A&M University
|b Rellis Campus
|c Joint Library Facility
|d Remote Storage
|t 0
|e TP1 .A644
|h Library of Congress classification
|i unmediated -- volume
|k v.40
|l 1963
|m A14831111247
|
| 952 |
f |
f |
|p ric
|a Texas A&M University
|b Rellis Campus
|c Joint Library Facility
|d Remote Storage
|t 0
|e TP1 .A644
|h Library of Congress classification
|i unmediated -- volume
|k v.83:no.5-8
|l 2006:May-Aug.
|m A14834661835
|
| 952 |
f |
f |
|p ric
|a Texas A&M University
|b Rellis Campus
|c Joint Library Facility
|d Remote Storage
|t 0
|e TP1 .A644
|h Library of Congress classification
|i unmediated -- volume
|k v.51:no.7-12
|l 1974:July-Dec.
|m A14830813870
|
| 952 |
f |
f |
|p ric
|a Texas A&M University
|b Rellis Campus
|c Joint Library Facility
|d Remote Storage
|t 0
|e TP1 .A644
|h Library of Congress classification
|i unmediated -- volume
|k v.46:no.7-12
|l 1969:July-Dec.
|m A14838525609
|
| 952 |
f |
f |
|p ric
|a Texas A&M University
|b Rellis Campus
|c Joint Library Facility
|d Remote Storage
|t 0
|e TP1 .A644
|h Library of Congress classification
|i unmediated -- volume
|k v.45:no.1-6
|l 1968:Jan.-June
|m A14831112798
|
| 952 |
f |
f |
|p ric
|a Texas A&M University
|b Rellis Campus
|c Joint Library Facility
|d Remote Storage
|t 0
|e TP1 .A644
|h Library of Congress classification
|i unmediated -- volume
|k v.79:no.1-4
|l 2002:Jan.-Apr.
|m A14829651095
|
| 952 |
f |
f |
|p ric
|a Texas A&M University
|b Rellis Campus
|c Joint Library Facility
|d Remote Storage
|t 0
|e TP1 .A644
|h Library of Congress classification
|i unmediated -- volume
|k v.55:no.1-3
|l 1978:Jan.-Mar.
|m A14838526304
|
| 952 |
f |
f |
|p ric
|a Texas A&M University
|b Rellis Campus
|c Joint Library Facility
|d Remote Storage
|t 0
|e TP1 .A644
|h Library of Congress classification
|i unmediated -- volume
|k v.65:no.4-6
|l 1988:Apr.-June
|m A14811807462
|
| 952 |
f |
f |
|p ric
|a Texas A&M University
|b Rellis Campus
|c Joint Library Facility
|d Remote Storage
|t 0
|e TP1 .A644
|h Library of Congress classification
|i unmediated -- volume
|k v.54:no.7-12
|l 1977:July-Dec.
|m A14813906301
|
| 952 |
f |
f |
|p ric
|a Texas A&M University
|b Rellis Campus
|c Joint Library Facility
|d Remote Storage
|t 0
|e TP1 .A644
|h Library of Congress classification
|i unmediated -- volume
|k v.25
|l 1948
|m A14831202399
|
| 952 |
f |
f |
|p ric
|a Texas A&M University
|b Rellis Campus
|c Joint Library Facility
|d Remote Storage
|t 0
|e TP1 .A644
|h Library of Congress classification
|i unmediated -- volume
|k v.62:no.7-12
|l 1985:July-Dec.
|m A14813862777
|
| 952 |
f |
f |
|p ric
|a Texas A&M University
|b Rellis Campus
|c Joint Library Facility
|d Remote Storage
|t 0
|e TP1 .A644
|h Library of Congress classification
|i unmediated -- volume
|k v.27
|l 1950
|m A14831202315
|
| 952 |
f |
f |
|p ric
|a Texas A&M University
|b Rellis Campus
|c Joint Library Facility
|d Remote Storage
|t 0
|e TP1 .A644
|h Library of Congress classification
|i unmediated -- volume
|k v.83:no.1-4
|l 2006:Jan.-Apr.
|m A14834642221
|
| 952 |
f |
f |
|p ric
|a Texas A&M University
|b Rellis Campus
|c Joint Library Facility
|d Remote Storage
|t 0
|e TP1 .A644
|h Library of Congress classification
|i unmediated -- volume
|k v.52:no.1-6
|l 1975:Jan.-June
|m A14813067000
|
| 952 |
f |
f |
|p ric
|a Texas A&M University
|b Rellis Campus
|c Joint Library Facility
|d Remote Storage
|t 0
|e TP1 .A644
|h Library of Congress classification
|i unmediated -- volume
|k v.56:no.1-3
|l 1979:Jan.-Mar.
|m A14813021965
|
| 952 |
f |
f |
|p ric
|a Texas A&M University
|b Rellis Campus
|c Joint Library Facility
|d Remote Storage
|t 0
|e TP1 .A644
|h Library of Congress classification
|i unmediated -- volume
|k v.57:no.7-12
|l 1980:July-Dec.
|m A14830813951
|
| 952 |
f |
f |
|p ric
|a Texas A&M University
|b Rellis Campus
|c Joint Library Facility
|d Remote Storage
|t 0
|e TP1 .A644
|h Library of Congress classification
|i unmediated -- volume
|k v.64:no.1-4
|l 1987:Jan.-Apr.
|m A14811397035
|
| 952 |
f |
f |
|p ric
|a Texas A&M University
|b Rellis Campus
|c Joint Library Facility
|d Remote Storage
|t 0
|e TP1 .A644
|h Library of Congress classification
|i unmediated -- volume
|k v.61:no.1-6
|l 1984:Jan.-June
|m A14830814038
|
| 952 |
f |
f |
|p ric
|a Texas A&M University
|b Rellis Campus
|c Joint Library Facility
|d Remote Storage
|t 0
|e TP1 .A644
|h Library of Congress classification
|i unmediated -- volume
|k v.51:no.1-6
|l 1974:Jan.-June
|m A14831111522
|
| 952 |
f |
f |
|p ric
|a Texas A&M University
|b Rellis Campus
|c Joint Library Facility
|d Remote Storage
|t 0
|e TP1 .A644
|h Library of Congress classification
|i unmediated -- volume
|k v.81:no.1-4
|l 2004:Jan.-Apr.
|m A14831500690
|
| 952 |
f |
f |
|p ric
|a Texas A&M University
|b Rellis Campus
|c Joint Library Facility
|d Remote Storage
|t 0
|e TP1 .A644
|h Library of Congress classification
|i unmediated -- volume
|k v.69:no.1-4
|l 1992:Jan.-Apr.
|m A14815662709
|
| 952 |
f |
f |
|p ric
|a Texas A&M University
|b Rellis Campus
|c Joint Library Facility
|d Remote Storage
|t 0
|e TP1 .A644
|h Library of Congress classification
|i unmediated -- volume
|k v.32
|l 1955
|m A14831112471
|
| 952 |
f |
f |
|p ric
|a Texas A&M University
|b Rellis Campus
|c Joint Library Facility
|d Remote Storage
|t 0
|e TP1 .A644
|h Library of Congress classification
|i unmediated -- volume
|k v.85:no.1-4
|l 2008:Jan.-Apr.
|m A14837138653
|
| 952 |
f |
f |
|p ric
|a Texas A&M University
|b Rellis Campus
|c Joint Library Facility
|d Remote Storage
|t 0
|e TP1 .A644
|h Library of Congress classification
|i unmediated -- volume
|k v.24
|l 1947
|m A14805915760
|
| 952 |
f |
f |
|p ric
|a Texas A&M University
|b Rellis Campus
|c Joint Library Facility
|d Remote Storage
|t 0
|e TP1 .A644
|h Library of Congress classification
|i unmediated -- volume
|k v.50:no.1-6
|l 1973:Jan.-June
|m A14831111483
|
| 952 |
f |
f |
|p ric
|a Texas A&M University
|b Rellis Campus
|c Joint Library Facility
|d Remote Storage
|t 0
|e TP1 .A644
|h Library of Congress classification
|i unmediated -- volume
|k v.60:no.1-4
|l 1983:Jan.-Apr.
|m A14831111564
|
| 952 |
f |
f |
|p ric
|a Texas A&M University
|b Rellis Campus
|c Joint Library Facility
|d Remote Storage
|t 0
|e TP1 .A644
|h Library of Congress classification
|i unmediated -- volume
|k v.74:no.1-4
|l 1997:Jan.-Apr.
|m A14821429559
|
| 952 |
f |
f |
|p ric
|a Texas A&M University
|b Rellis Campus
|c Joint Library Facility
|d Remote Storage
|t 0
|e TP1 .A644
|h Library of Congress classification
|i unmediated -- volume
|k v.41
|l 1964
|m A14831111205
|
| 952 |
f |
f |
|p ric
|a Texas A&M University
|b Rellis Campus
|c Joint Library Facility
|d Remote Storage
|t 0
|e TP1 .A644
|h Library of Congress classification
|i unmediated -- volume
|k v.71:no.9-12
|l 1994:Sept.-Dec.
|m A14819075166
|
| 952 |
f |
f |
|p ric
|a Texas A&M University
|b Rellis Campus
|c Joint Library Facility
|d Remote Storage
|t 0
|e TP1 .A644
|h Library of Congress classification
|i unmediated -- volume
|k v.68:no.1-4
|l 1991:Jan.-Apr.
|m A14815309709
|
| 952 |
f |
f |
|p ric
|a Texas A&M University
|b Rellis Campus
|c Joint Library Facility
|d Remote Storage
|t 0
|e TP1 .A644
|h Library of Congress classification
|i unmediated -- volume
|k v.55:no.7-9
|l 1978:July-Sept.
|m A14838526312
|
| 952 |
f |
f |
|p ric
|a Texas A&M University
|b Rellis Campus
|c Joint Library Facility
|d Remote Storage
|t 0
|e TP1 .A644
|h Library of Congress classification
|i unmediated -- volume
|k v.69:no.5-8
|l 1992:May-Aug.
|m A14816104534
|
| 952 |
f |
f |
|p ric
|a Texas A&M University
|b Rellis Campus
|c Joint Library Facility
|d Remote Storage
|t 0
|e TP1 .A644
|h Library of Congress classification
|i unmediated -- volume
|k v.81:no.9-12
|l 2004:Sept.-Dec.
|m A14833719740
|
| 952 |
f |
f |
|p ric
|a Texas A&M University
|b Rellis Campus
|c Joint Library Facility
|d Remote Storage
|t 0
|e TP1 .A644
|h Library of Congress classification
|i unmediated -- volume
|k v.59:no.7-12
|l 1982:July-Dec.
|m A14831111328
|
| 952 |
f |
f |
|p ric
|a Texas A&M University
|b Rellis Campus
|c Joint Library Facility
|d Remote Storage
|t 0
|e TP1 .A644
|h Library of Congress classification
|i unmediated -- volume
|k v.57:no.4-6
|l 1980:Apr.-June
|m A14830813919
|
| 952 |
f |
f |
|p ric
|a Texas A&M University
|b Rellis Campus
|c Joint Library Facility
|d Remote Storage
|t 0
|e TP1 .A644
|h Library of Congress classification
|i unmediated -- volume
|k v.58:no.1-3
|l 1981:Jan.-Mar.
|m A14831111409
|
| 952 |
f |
f |
|p ric
|a Texas A&M University
|b Rellis Campus
|c Joint Library Facility
|d Remote Storage
|t 0
|e TP1 .A644
|h Library of Congress classification
|i unmediated -- volume
|k v.83:no.9-12
|l 2006:Sept.-Dec.
|m A14835096318
|
| 952 |
f |
f |
|p ric
|a Texas A&M University
|b Rellis Campus
|c Joint Library Facility
|d Remote Storage
|t 0
|e TP1 .A644
|h Library of Congress classification
|i unmediated -- volume
|k v.82:no.1-4
|l 2005:Jan.-Apr.
|m A14832860776
|
| 952 |
f |
f |
|p ric
|a Texas A&M University
|b Rellis Campus
|c Joint Library Facility
|d Remote Storage
|t 0
|e TP1 .A644
|h Library of Congress classification
|i unmediated -- volume
|k v.62:no.1-6
|l 1985:Jan.-June
|m A14830814070
|
| 952 |
f |
f |
|p ric
|a Texas A&M University
|b Rellis Campus
|c Joint Library Facility
|d Remote Storage
|t 0
|e TP1 .A644
|h Library of Congress classification
|i unmediated -- volume
|k v.28
|l 1951
|m A14831201911
|
| 952 |
f |
f |
|p ric
|a Texas A&M University
|b Rellis Campus
|c Joint Library Facility
|d Remote Storage
|t 0
|e TP1 .A644
|h Library of Congress classification
|i unmediated -- volume
|k v.47:no.7-12
|l 1970:July-Dec.
|m A14838526257
|
| 952 |
f |
f |
|p ric
|a Texas A&M University
|b Rellis Campus
|c Joint Library Facility
|d Remote Storage
|t 0
|e TP1 .A644
|h Library of Congress classification
|i unmediated -- volume
|k v.65:no.7-9
|l 1988:July-Sept.
|m A14811784892
|
| 952 |
f |
f |
|p ric
|a Texas A&M University
|b Rellis Campus
|c Joint Library Facility
|d Remote Storage
|t 0
|e TP1 .A644
|h Library of Congress classification
|i unmediated -- volume
|k v.45:no.7-12
|l 1968:July-Dec.
|m A14831112879
|
| 952 |
f |
f |
|p ric
|a Texas A&M University
|b Rellis Campus
|c Joint Library Facility
|d Remote Storage
|t 0
|e TP1 .A644
|h Library of Congress classification
|i unmediated -- volume
|k v.76:no.5-8
|l 1999:May-Aug.
|m A14826005986
|
| 952 |
f |
f |
|p ric
|a Texas A&M University
|b Rellis Campus
|c Joint Library Facility
|d Remote Storage
|t 0
|e TP1 .A644
|h Library of Congress classification
|i unmediated -- volume
|k v.1/29:Index
|l 1917/1952
|m A14838526281
|
| 952 |
f |
f |
|p ric
|a Texas A&M University
|b Rellis Campus
|c Joint Library Facility
|d Remote Storage
|t 0
|e TP1 .A644
|h Library of Congress classification
|i unmediated -- volume
|k v.67:no.5-8
|l 1990:May-Aug.
|m A14814357880
|
| 952 |
f |
f |
|p ric
|a Texas A&M University
|b Rellis Campus
|c Joint Library Facility
|d Remote Storage
|t 0
|e TP1 .A644
|h Library of Congress classification
|i unmediated -- volume
|k v.61:no.7-12
|l 1984:July-Dec.
|m A14830814119
|
| 952 |
f |
f |
|p ric
|a Texas A&M University
|b Rellis Campus
|c Joint Library Facility
|d Remote Storage
|t 0
|e TP1 .A644
|h Library of Congress classification
|i unmediated -- volume
|k v.45/54:Index
|l 1968/1977
|m A14838526299
|
| 952 |
f |
f |
|p ric
|a Texas A&M University
|b Rellis Campus
|c Joint Library Facility
|d Remote Storage
|t 0
|e TP1 .A644
|h Library of Congress classification
|i unmediated -- volume
|k v.72:no.9-10
|l 1995:Sept.-Oct.
|m A14820114177
|
| 952 |
f |
f |
|p ric
|a Texas A&M University
|b Rellis Campus
|c Joint Library Facility
|d Remote Storage
|t 0
|e TP1 .A644
|h Library of Congress classification
|i unmediated -- volume
|k v.30
|l 1953
|m A14831201872
|
| 952 |
f |
f |
|p ric
|a Texas A&M University
|b Rellis Campus
|c Joint Library Facility
|d Remote Storage
|t 0
|e TP1 .A644
|h Library of Congress classification
|i unmediated -- volume
|k v.47:no.1-6
|l 1970:Jan.-June
|m A14822383756
|
| 952 |
f |
f |
|p ric
|a Texas A&M University
|b Rellis Campus
|c Joint Library Facility
|d Remote Storage
|t 0
|e TP1 .A644
|h Library of Congress classification
|i unmediated -- volume
|k v.53:no.7-12
|l 1976:July-Dec.
|m A14838526265
|
| 952 |
f |
f |
|p ric
|a Texas A&M University
|b Rellis Campus
|c Joint Library Facility
|d Remote Storage
|t 0
|e TP1 .A644
|h Library of Congress classification
|i unmediated -- volume
|k v.63:no.7-12
|l 1986:July-Dec.
|m A14816604291
|
| 952 |
f |
f |
|p ric
|a Texas A&M University
|b Rellis Campus
|c Joint Library Facility
|d Remote Storage
|t 0
|e TP1 .A644
|h Library of Congress classification
|i unmediated -- volume
|k v.50:no.7-12
|l 1973:July-Dec.
|m A14831111441
|
| 952 |
f |
f |
|p ric
|a Texas A&M University
|b Rellis Campus
|c Joint Library Facility
|d Remote Storage
|t 0
|e TP1 .A644
|h Library of Congress classification
|i unmediated -- volume
|k v.35
|l 1958
|m A14831112633
|
| 952 |
f |
f |
|p ric
|a Texas A&M University
|b Rellis Campus
|c Joint Library Facility
|d Remote Storage
|t 0
|e TP1 .A644
|h Library of Congress classification
|i unmediated -- volume
|k v.80:no.9-12
|l 2003:Sept.-Dec.
|m A14831500577
|
| 952 |
f |
f |
|p ric
|a Texas A&M University
|b Rellis Campus
|c Joint Library Facility
|d Remote Storage
|t 0
|e TP1 .A644
|h Library of Congress classification
|i unmediated -- volume
|k v.49:no.7-12
|l 1972:July-Dec.
|m A14831112837
|
| 952 |
f |
f |
|p ric
|a Texas A&M University
|b Rellis Campus
|c Joint Library Facility
|d Remote Storage
|t 0
|e TP1 .A644
|h Library of Congress classification
|i unmediated -- volume
|k v.64:no.5-8
|l 1987:May-Aug.
|m A14811397085
|
| 952 |
f |
f |
|p ric
|a Texas A&M University
|b Rellis Campus
|c Joint Library Facility
|d Remote Storage
|t 0
|e TP1 .A644
|h Library of Congress classification
|i unmediated -- volume
|k v.67:no.1-4
|l 1990:Jan.-Apr.
|m A14814364196
|
| 952 |
f |
f |
|p ric
|a Texas A&M University
|b Rellis Campus
|c Joint Library Facility
|d Remote Storage
|t 0
|e TP1 .A644
|h Library of Congress classification
|i unmediated -- volume
|k v.57:no.1-3
|l 1980:Jan.-Mar.
|m A14830813993
|
| 952 |
f |
f |
|p ric
|a Texas A&M University
|b Rellis Campus
|c Joint Library Facility
|d Remote Storage
|t 0
|e TP1 .A644
|h Library of Congress classification
|i unmediated -- volume
|k v.85:no.9-12
|l 2008:Sept.-Dec.
|m A14834793268
|
| 952 |
f |
f |
|p ric
|a Texas A&M University
|b Rellis Campus
|c Joint Library Facility
|d Remote Storage
|t 0
|e TP1 .A644
|h Library of Congress classification
|i unmediated -- volume
|k v.46:no.1-6
|l 1969:Jan.-June
|m A14822383706
|
| 952 |
f |
f |
|p ric
|a Texas A&M University
|b Rellis Campus
|c Joint Library Facility
|d Remote Storage
|t 0
|e TP1 .A644
|h Library of Congress classification
|i unmediated -- volume
|k v.66:no.1-3
|l 1989:Jan.-Mar.
|m A14812058846
|
| 952 |
f |
f |
|p ric
|a Texas A&M University
|b Rellis Campus
|c Joint Library Facility
|d Remote Storage
|t 0
|e TP1 .A644
|h Library of Congress classification
|i unmediated -- volume
|k v.81:no.5-8
|l 2004:May-Aug.
|m A14831500658
|
| 952 |
f |
f |
|p ric
|a Texas A&M University
|b Rellis Campus
|c Joint Library Facility
|d Remote Storage
|t 0
|e TP1 .A644
|h Library of Congress classification
|i unmediated -- volume
|k v.78:no.1-4
|l 2001:Jan.-Apr.
|m A14828210684
|
| 952 |
f |
f |
|p ric
|a Texas A&M University
|b Rellis Campus
|c Joint Library Facility
|d Remote Storage
|t 0
|e TP1 .A644
|h Library of Congress classification
|i unmediated -- volume
|k v.29
|l 1952
|m A14818741510
|
| 952 |
f |
f |
|p ric
|a Texas A&M University
|b Rellis Campus
|c Joint Library Facility
|d Remote Storage
|t 0
|e TP1 .A644
|h Library of Congress classification
|i unmediated -- volume
|k v.80:no.5-8
|l 2003:May-Aug.
|m A14830926089
|
| 952 |
f |
f |
|p ric
|a Texas A&M University
|b Rellis Campus
|c Joint Library Facility
|d Remote Storage
|t 0
|e TP1 .A644
|h Library of Congress classification
|i unmediated -- volume
|k v.80:no.1-4
|l 2003:Jan.-Apr.
|m A14830926005
|
| 952 |
f |
f |
|p ric
|a Texas A&M University
|b Rellis Campus
|c Joint Library Facility
|d Remote Storage
|t 0
|e TP1 .A644
|h Library of Congress classification
|i unmediated -- volume
|k v.67:no.9-12
|l 1990:Sept.-Dec.
|m A14814357830
|
| 952 |
f |
f |
|p ric
|a Texas A&M University
|b Rellis Campus
|c Joint Library Facility
|d Remote Storage
|t 0
|e TP1 .A644
|h Library of Congress classification
|i unmediated -- volume
|k v.71:no.5-8
|l 1994:May-Aug.
|m A14818790860
|
| 952 |
f |
f |
|p ric
|a Texas A&M University
|b Rellis Campus
|c Joint Library Facility
|d Remote Storage
|t 0
|e TP1 .A644
|h Library of Congress classification
|i unmediated -- volume
|k v.60:no.5-8
|l 1983:May-Aug.
|m A14818549552
|
| 952 |
f |
f |
|p ric
|a Texas A&M University
|b Rellis Campus
|c Joint Library Facility
|d Remote Storage
|t 0
|e TP1 .A644
|h Library of Congress classification
|i unmediated -- volume
|k v.34
|l 1957
|m A14831112552
|
| 952 |
f |
f |
|p ric
|a Texas A&M University
|b Rellis Campus
|c Joint Library Facility
|d Remote Storage
|t 0
|e TP1 .A644
|h Library of Congress classification
|i unmediated -- volume
|k v.58:no.7-12
|l 1981:July-Dec.
|m A14820759058
|
| 952 |
f |
f |
|p ric
|a Texas A&M University
|b Rellis Campus
|c Joint Library Facility
|d Remote Storage
|t 0
|e TP1 .A644
|h Library of Congress classification
|i unmediated -- volume
|k v.84:no.1-4
|l 2007:Jan.-Apr.
|m A14836130181
|
| 952 |
f |
f |
|p ric
|a Texas A&M University
|b Rellis Campus
|c Joint Library Facility
|d Remote Storage
|t 0
|e TP1 .A644
|h Library of Congress classification
|i unmediated -- volume
|k v.43:no.1-6
|l 1966:Jan.-June
|m A14831111085
|
| 952 |
f |
f |
|p ric
|a Texas A&M University
|b Rellis Campus
|c Joint Library Facility
|d Remote Storage
|t 0
|e TP1 .A644
|h Library of Congress classification
|i unmediated -- volume
|k v.66:no.7-9
|l 1989:July-Sept.
|m A14812065835
|
| 952 |
f |
f |
|p ric
|a Texas A&M University
|b Rellis Campus
|c Joint Library Facility
|d Remote Storage
|t 0
|e TP1 .A644
|h Library of Congress classification
|i unmediated -- volume
|k v.74:no.9-12
|l 1997:Sept.-Dec.
|m A14823634710
|
| 952 |
f |
f |
|p ric
|a Texas A&M University
|b Rellis Campus
|c Joint Library Facility
|d Remote Storage
|t 0
|e TP1 .A644
|h Library of Congress classification
|i unmediated -- volume
|k v.77:no.9-12
|l 2000:Sept.-Dec.
|m A14828210642
|
| 952 |
f |
f |
|p ric
|a Texas A&M University
|b Rellis Campus
|c Joint Library Facility
|d Remote Storage
|t 0
|e TP1 .A644
|h Library of Congress classification
|i unmediated -- volume
|k v.56:no.7-9
|l 1979:July-Sept.
|m A14838526338
|
| 952 |
f |
f |
|p ric
|a Texas A&M University
|b Rellis Campus
|c Joint Library Facility
|d Remote Storage
|t 0
|e TP1 .A644
|h Library of Congress classification
|i unmediated -- volume
|k v.78:no.9-12
|l 2001:Sept.-Dec.
|m A14828195177
|
| 952 |
f |
f |
|p ric
|a Texas A&M University
|b Rellis Campus
|c Joint Library Facility
|d Remote Storage
|t 0
|e TP1 .A644
|h Library of Congress classification
|i unmediated -- volume
|k v.59:no.1-6
|l 1982:Jan.-June
|m A14831111289
|
| 952 |
f |
f |
|p ric
|a Texas A&M University
|b Rellis Campus
|c Joint Library Facility
|d Remote Storage
|t 0
|e TP1 .A644
|h Library of Congress classification
|i unmediated -- volume
|k v.65:no.10-12
|l 1988:Oct.-Dec.
|m A14811784949
|
| 952 |
f |
f |
|p ric
|a Texas A&M University
|b Rellis Campus
|c Joint Library Facility
|d Remote Storage
|t 0
|e TP1 .A644
|h Library of Congress classification
|i unmediated -- volume
|k v.75:no.9-10
|l 1998:Sept.-Oct.
|m A14824946924
|
| 952 |
f |
f |
|p ric
|a Texas A&M University
|b Rellis Campus
|c Joint Library Facility
|d Remote Storage
|t 0
|e TP1 .A644
|h Library of Congress classification
|i unmediated -- volume
|k v.82:no.9-12
|l 2005:Sept.-Dec.
|m A14834642182
|
| 952 |
f |
f |
|p ric
|a Texas A&M University
|b Rellis Campus
|c Joint Library Facility
|d Remote Storage
|t 0
|e TP1 .A644
|h Library of Congress classification
|i unmediated -- volume
|k v.54:no.1-6
|l 1977:Jan.-June
|m A14813020781
|
| 952 |
f |
f |
|p ric
|a Texas A&M University
|b Rellis Campus
|c Joint Library Facility
|d Remote Storage
|t 0
|e TP1 .A644
|h Library of Congress classification
|i unmediated -- volume
|k v.39
|l 1962
|m A14831111166
|
| 952 |
f |
f |
|p ric
|a Texas A&M University
|b Rellis Campus
|c Joint Library Facility
|d Remote Storage
|t 0
|e TP1 .A644
|h Library of Congress classification
|i unmediated -- volume
|k v.85:no.5-8
|l 2008:May-Aug.
|m A14834753022
|
| 952 |
f |
f |
|p ric
|a Texas A&M University
|b Rellis Campus
|c Joint Library Facility
|d Remote Storage
|t 0
|e TP1 .A644
|h Library of Congress classification
|i unmediated -- volume
|k v.42:no.7-12
|l 1965:July-Dec.
|m A14838525594
|
| 998 |
f |
f |
|a TP1 .A644
|s v.49-85 (1972-2008)
|t 0
|l Remote Storage
|